Máximos goleadores de la Ligue 1 2023-2024 - Estadísticas

Estadísticas generales
  • Esta prueba ha sido intentada 28 veces
  • La puntuación promedio es 5 de 10
Estadísticas de respuestas
Goles Nacionalidad Equipo Jugador % Correcto
27 Francia París Saint-Germain Kylian Mbappé
100%
19 Canadá Lille O. S. C. Jonathan David
85%
16 Gabón Olympique de Marsella Pierre-Emerick Aubameyang
81%
11 Portugal París Saint-Germain Gonçalo Ramos
77%
15 Francia A. S. Mónaco Wissam Ben Yedder
69%
17 Francia Olympique de Lyon Alexandre Lacazette
58%
13 Georgia F. C. Metz Georges Mikautadze
42%
10 Francia Stade Rennes Arnaud Kalimuendo
15%
11 Nigeria O. G. C. Niza Terem Moffi
12%
14 Países Bajos Toulouse F. C. Thijs Dallinga
8%
No se encontraron pruebas coincidentes
Distribución de puntuación
Porcentaje de gente con cada puntuación
Porcentaje por número respondido
Historial de tus puntuaciones
No has intentado esta prueba.